[Event "ICS rated blitz match"]
[Site "204.178.125.65"]
[Date "2001.09.23"]
[Round "?"]
[White "arcos"]
[Black "Hossa"]
[Result "0-1"]
[WhiteElo "2062"]
[BlackElo "2587"]
[PlyCount "120"]
[EventDate "2001.??.??"]

1. e4 d5 2. exd5 Nf6 3. d4 Bg4 4. Be2 Bxe2 5. Qxe2 Qxd5 6. Nf3 Nc6 7. c4 Qe4 8.
Qxe4 Nxe4 9. O-O O-O-O 10. Be3 e6 11. a3 Be7 12. Rd1 Nc5 13. Nbd2 Na4 14. Rab1
Nb6 15. Rbc1 h5 16. h3 f6 17. Ne4 g5 18. Ng3 g4 19. Ne1 gxh3 20. gxh3 h4 21.
Ne2 Na5 22. c5 Nd5 23. b4 Nc6 24. Nf3 Rdg8+ 25. Kh1 Bd8 26. Nf4 Nxf4 27. Bxf4
Ne7 28. Re1 Kd7 29. Nd2 Nd5 30. Bh2 c6 31. Nc4 Rh5 32. Ne3 Rhg5 33. Rg1 Rxg1+
34. Rxg1 Rxg1+ 35. Kxg1 Nc3 36. Kf1 a6 37. Ke1 a5 38. Bf4 Nb5 39. Nc2 axb4 40.
axb4 Nc3 41. Kd2 Nd5 42. Bh2 f5 43. Kd3 Bg5 44. Be5 Bf4 45. Bg7 Ke8 46. Kc4 Kf7
47. Be5 Bxe5 48. dxe5 Nf4 49. Ne3 Kg6 50. f3 Nxh3 51. Ng2 Kg5 52. Kd4 Ng1 53.
Ke3 h3 54. Kf2 h2 55. f4+ Kg4 56. Ne3+ Kh3 57. Nxf5 exf5 58. e6 h1=Q 59. e7
Qf3+ 60. Kxg1 Qg2# {arcos checkmated} 0-1

[Event "ICS rated blitz match"]
[Site "204.178.125.65"]
[Date "2001.09.23"]
[Round "?"]
[White "Hossa"]
[Black "lupica"]
[Result "1-0"]
[WhiteElo "2588"]
[BlackElo "2241"]
[PlyCount "173"]
[EventDate "2001.??.??"]

1. e4 c5 2. Nf3 e6 3. d4 cxd4 4. Nxd4 Nc6 5. Nc3 d6 6. g3 Nf6 7. Bg2 Bd7 8. O-O
a6 9. Nxc6 Bxc6 10. Qe2 Qc7 11. Bf4 e5 12. Be3 Be7 13. Rfd1 O-O 14. f3 b5 15.
a3 Rfd8 16. f4 exf4 17. Bxf4 Nd7 18. Nd5 Bxd5 19. Rxd5 Ne5 20. Bh3 Rab8 21. Rf1
Bf6 22. c3 Qc6 23. Qh5 Ng6 24. Bf5 a5 25. Rd3 b4 26. cxb4 axb4 27. Rc1 Qb6+ 28.
Be3 Qa6 29. Rb3 bxa3 30. Rxa3 Qb5 31. Rd1 Qxb2 32. Rad3 Qc2 33. e5 Bxe5 34.
Rxd6 Qc7 35. Rxd8+ Rxd8 36. Rxd8+ Qxd8 37. Bxg6 hxg6 38. Qxe5 Qd1+ 39. Kg2 Qe2+
40. Kh3 f6 41. Qb8+ Kh7 42. Qf4 Qh5+ 43. Kg2 Qe2+ 44. Bf2 Qd3 45. Qh4+ Kg8 46.
Qd4 Qf5 47. h4 Kh7 48. Qc4 Qb1 49. Be3 Qf5 50. Qc6 Qd3 51. Kf2 Qf5+ 52. Qf3
Qc2+ 53. Qe2 Qf5+ 54. Bf4 Qc5+ 55. Qe3 Qc2+ 56. Kf3 Qd1+ 57. Ke4 Qc2+ 58. Qd3
Qc6+ 59. Qd5 Qc2+ 60. Kf3 Qb1 61. Ke2 Qc2+ 62. Ke3 Qb1 63. Qa8 Qb3+ 64. Kd4
Qd1+ 65. Kc5 Qg1+ 66. Kc4 Qf1+ 67. Kb4 Qe1+ 68. Kb3 Qb1+ 69. Kc3 Qe1+ 70. Kc2
Qe2+ 71. Kb3 Qd3+ 72. Kb2 Qe2+ 73. Kb1 Qd3+ 74. Kc1 Qc3+ 75. Kd1 Qd3+ 76. Ke1
Qb1+ 77. Kf2 Qc2+ 78. Kg1 Qd1+ 79. Kh2 Qe2+ 80. Qg2 Qd1 81. Qe4 Qg4 82. Qd3 Qh5
83. Kh3 Qf5+ 84. Qxf5 gxf5 85. h5 Kg8 86. Kg2 Kf7 87. Kf2 {lupica resigns} 1-0

[Event "ICS rated blitz match"]
[Site "204.178.125.65"]
[Date "2001.09.23"]
[Round "?"]
[White "lupica"]
[Black "Hossa"]
[Result "0-1"]
[WhiteElo "2237"]
[BlackElo "2592"]
[PlyCount "74"]
[EventDate "2001.??.??"]

1. d4 Nf6 2. Nf3 e6 3. e3 b6 4. Bd3 Bb7 5. O-O d5 6. Ne5 Bd6 7. f4 c5 8. c3
Nbd7 9. Nd2 c4 10. Bc2 b5 11. Qf3 Rb8 12. Nxd7 Qxd7 13. e4 dxe4 14. Nxe4 Nxe4
15. Bxe4 b4 16. f5 Bxe4 17. Qxe4 O-O 18. fxe6 fxe6 19. Bd2 bxc3 20. Bxc3 Rxf1+
21. Rxf1 Be7 22. Re1 Rb6 23. g3 Ra6 24. a3 Rd6 25. Kg2 Bd8 26. Rf1 a5 27. Rf3
Qe8 28. Qa8 Qb5 29. Qe4 Qb6 30. Qg4 Rd5 31. Qe4 Bf6 32. Rf4 Qd6 33. h4 Qb6 34.
Kh3 Qc6 35. g4 Bxh4 36. Rf3 Bf6 37. Qf4 h5 {lupica resigns} 0-1

[Event "ICS rated blitz match"]
[Site "204.178.125.65"]
[Date "2001.09.23"]
[Round "?"]
[White "Hossa"]
[Black "tictoc"]
[Result "1-0"]
[WhiteElo "2596"]
[BlackElo "2206"]
[PlyCount "55"]
[EventDate "2001.??.??"]

1. e4 c5 2. Nf3 Nc6 3. Bb5 Qc7 4. O-O e6 5. d3 Bd6 6. Nbd2 Nd4 7. Nxd4 cxd4 8.
g3 a6 9. Ba4 b5 10. Bb3 Ne7 11. a4 Rb8 12. axb5 axb5 13. Ba2 Nc6 14. Nb3 h5 15.
f4 Bb7 16. Qe2 g6 17. Qf2 f5 18. Bd2 Kf7 19. exf5 gxf5 20. Ba5 Nxa5 21. Nxa5
Ba8 22. h4 Rbg8 23. Kh2 Rg4 24. Nb3 Rhg8 25. Nxd4 Bxf4 26. Nxf5 Ke8 27. Bxe6
Bxg3+ 28. Nxg3 {tictoc resigns} 1-0

[Event "ICS rated blitz match"]
[Site "204.178.125.65"]
[Date "2001.09.23"]
[Round "?"]
[White "tictoc"]
[Black "Hossa"]
[Result "0-1"]
[WhiteElo "2203"]
[BlackElo "2599"]
[PlyCount "184"]
[EventDate "2001.??.??"]

1. c4 f5 2. Nc3 e5 3. d4 exd4 4. Qxd4 Nc6 5. Qe3+ Nge7 6. Nd5 Kf7 7. Nh3 Nxd5
8. cxd5 Nb4 9. Qb3 Bd6 10. Ng5+ Kg8 11. g3 h6 12. Nf3 Kh7 13. Bh3 g6 14. Bd2
Qe7 15. O-O c6 16. dxc6 dxc6 17. a3 Nd5 18. Rfe1 Rd8 19. Rac1 f4 20. Bxc8 Raxc8
21. e4 fxe3 22. Bxe3 Qf7 23. Bd4 Rf8 24. Ne5 Bxe5 25. Rxe5 b6 26. f4 Qd7 27.
Rce1 Rf7 28. Qc4 b5 29. Qc5 Qg4 30. Rxd5 cxd5 31. Qxd5 Qd7 32. Qe5 a6 33. Bc3
Rd8 34. Kg2 Qb7+ 35. Qe4 Qxe4+ 36. Rxe4 h5 37. Re6 Ra7 38. h3 a5 39. Rb6 Rd5
40. Rb8 Kh6 41. g4 hxg4 42. hxg4 Rh7 43. Bxa5 Rhd7 44. Bc3 Rd8 45. Rb6 R8d6 46.
Rb7 Rd7 47. Rb8 Rd8 48. Rb7 R8d7 49. Rb6 R7d6 50. Rxd6 Rxd6 51. Kf3 Rd3+ 52.
Ke4 Rg3 53. g5+ Kh5 54. Kd5 Kg4 55. Be5 Rb3 56. Ke6 Rf3 57. Kf6 Kh5 58. Ke6 Kg4
59. Kf6 Kh5 60. Kg7 Rf1 61. Kf6 Rf3 62. Ke6 Kg4 63. b4 Rf2 64. Kd5 Rc2 65. Bd6
Kf5 66. Be5 Rc4 67. Kd6 Ke4 68. Ke6 Rc8 69. Kf6 Rc6+ 70. Kf7 Ra6 71. Ke7 Kf5
72. Kd7 Kg4 73. Kc7 Kf3 74. Kb7 Re6 75. Kc7 Ke4 76. Kd7 Kd5 77. Bf6 Ra6 78. Ke7
Ra7+ 79. Ke8 Ke6 80. Kd8 Rxa3 81. Kc7 Rb3 82. Kc6 Rxb4 83. Kc5 Rxf4 84. Kxb5
Rxf6 85. gxf6 Kxf6 86. Kc4 g5 87. Kd4 Kf5 88. Ke3 Kg4 89. Kf2 Kh3 90. Kg1 g4
91. Kh1 g3 92. Kg1 g2 {tictoc resigns} 0-1

[Event "ICS rated blitz match"]
[Site "204.178.125.65"]
[Date "2001.09.23"]
[Round "?"]
[White "Hossa"]
[Black "tictoc"]
[Result "1-0"]
[WhiteElo "2602"]
[BlackElo "2200"]
[PlyCount "45"]
[EventDate "2001.??.??"]

1. e4 e6 2. d4 d5 3. Nc3 Be7 4. Bd3 dxe4 5. Nxe4 Nf6 6. Ne2 Bd7 7. Nxf6+ Bxf6
8. c3 Bc6 9. O-O Nd7 10. Qc2 h6 11. b3 O-O 12. Ng3 e5 13. Ba3 Re8 14. dxe5 Nxe5
15. Bh7+ Kh8 16. Rfd1 Qc8 17. Bf5 Qb8 18. f4 Ng6 19. Nh5 Nh4 20. Nxf6 gxf6 21.
Bd7 Bxg2 22. Qf2 Rg8 23. Qxh4 {tictoc resigns} 1-0

[Event "ICS rated blitz match"]
[Site "204.178.125.65"]
[Date "2001.09.23"]
[Round "?"]
[White "tictoc"]
[Black "Hossa"]
[Result "0-1"]
[WhiteElo "2197"]
[BlackElo "2605"]
[PlyCount "174"]
[EventDate "2001.??.??"]

1. c4 g6 2. e4 Bg7 3. d4 d6 4. Nc3 Nf6 5. Nf3 O-O 6. h3 e5 7. d5 c6 8. Be3 cxd5
9. cxd5 Ne8 10. Nd2 f5 11. Nc4 Bd7 12. a4 Na6 13. Be2 fxe4 14. Nxe4 Bf5 15. Bf3
Bxe4 16. Bxe4 Nf6 17. Nd2 Nb4 18. Qb3 a5 19. O-O Qe7 20. Rac1 Qf7 21. Rfd1 h6
22. f3 Ra6 23. Bf2 h5 24. Be3 Nbxd5 25. Bg5 Rb6 26. Qa2 Nxe4 27. Nxe4 Nf4 28.
Qxf7+ Rxf7 29. Rc8+ Rf8 30. Rxf8+ Bxf8 31. Bxf4 exf4 32. Rd5 Rxb2 33. Rxa5 Kf7
34. Ng5+ Ke7 35. Ne4 b6 36. Ra7+ Ke6 37. Ng5+ Kf5 38. Rf7+ Kxg5 39. Rxf8 Rb1+
40. Kf2 Rb4 41. Rb8 Kf6 42. Rf8+ Ke5 43. Rg8 Kf5 44. Rf8+ Ke6 45. Rg8 Kf7 46.
Rb8 Rxa4 47. Rxb6 Ra2+ 48. Kf1 Rd2 49. Rb4 g5 50. h4 Kg6 51. hxg5 Kxg5 52. Rb5+
d5 53. Ke1 Rd3 54. Ke2 Rd4 55. Rb8 Kg6 56. Rg8+ Kh7 57. Rd8 h4 58. Rd6 Kg7 59.
Ke1 Rd3 60. Ke2 Re3+ 61. Kf2 Re5 62. Ra6 Rf5 63. Rd6 Rh5 64. Ke2 Kf7 65. Kf2
Ke7 66. Ra6 h3 67. gxh3 Rxh3 68. Kg2 Rh8 69. Rg6 d4 70. Ra6 Rd8 71. Kf2 Rd6 72.
Ra5 d3 73. Ke1 d2+ 74. Kd1 Kf6 75. Ra2 Kg5 76. Ra4 Rd3 77. Rb4 Rxf3 78. Kxd2
Re3 79. Rb8 Kh4 80. Rg8 Re6 81. Rg7 f3 82. Rg8 Kh3 83. Rh8+ Kg2 84. Rg8+ Kf1
85. Rg7 f2 86. Rg8 Rd6+ 87. Ke3 Ke1 {tictoc resigns} 0-1

[Event "ICS rated blitz match"]
[Site "204.178.125.65"]
[Date "2001.09.23"]
[Round "?"]
[White "Hossa"]
[Black "IgorIvanov"]
[Result "1-0"]
[WhiteElo "2608"]
[BlackElo "2511"]
[PlyCount "67"]
[EventDate "2001.??.??"]

1. e4 e5 2. Bc4 Nf6 3. Nc3 Nxe4 4. Qh5 Nd6 5. Bb3 Nc6 6. Nb5 g6 7. Qf3 f5 8.
Qd5 Qe7 9. Nxc7+ Kd8 10. Nxa8 b6 11. Nxb6 axb6 12. Ne2 Bb7 13. Qd3 Bg7 14. O-O
h5 15. Nc3 e4 16. Qe3 Bd4 17. Qe2 Ne5 18. Bd5 Bxd5 19. Nxd5 Qf7 20. Nf4 g5 21.
Nh3 Rg8 22. d3 f4 23. dxe4 f3 24. Qd1 fxg2 25. Kxg2 g4 26. Ng5 Qc4 27. c3 Bc5
28. Qd5 Qxd5 29. exd5 Nf5 30. Ne4 Nh4+ 31. Kh1 Nhf3 32. a4 Nc4 33. a5 Nd6 34.
axb6 {IgorIvanov resigns} 1-0

[Event "ICS rated blitz match"]
[Site "204.178.125.65"]
[Date "2001.09.23"]
[Round "?"]
[White "Hossa"]
[Black "tictoc"]
[Result "1-0"]
[WhiteElo "2623"]
[BlackElo "2191"]
[PlyCount "71"]
[EventDate "2001.??.??"]

1. e4 c5 2. Nf3 Nc6 3. d4 cxd4 4. Nxd4 Qb6 5. Nb3 Nf6 6. Nc3 e6 7. Bd3 a6 8.
Be3 Qc7 9. O-O b5 10. a4 b4 11. Ne2 d5 12. Ng3 Bd6 13. f4 dxe4 14. Nxe4 Nxe4
15. Bxe4 O-O 16. Na5 Nxa5 17. Bxa8 Nc4 18. Bc1 Qa7+ 19. Kh1 Qxa8 20. b3 Bb7 21.
Rg1 Bc5 22. bxc4 Bxg1 23. Qxg1 Be4 24. Qf2 Qc6 25. c5 Rd8 26. Be3 Qd5 27. Qe2
h5 28. a5 h4 29. h3 Bg6 30. Rb1 Qe4 31. Qf2 b3 32. Rxb3 Rd1+ 33. Kh2 Bh5 34. c3
Qa4 35. Rb8+ Kh7 36. Qxh4 {tictoc resigns} 1-0

[Event "ICS rated blitz match"]
[Site "204.178.125.65"]
[Date "2001.09.23"]
[Round "?"]
[White "tictoc"]
[Black "Hossa"]
[Result "0-1"]
[WhiteElo "2189"]
[BlackElo "2625"]
[PlyCount "80"]
[EventDate "2001.??.??"]

1. c4 g6 2. g3 Bh6 3. Bg2 Nf6 4. Nf3 O-O 5. O-O c5 6. Nc3 d6 7. Re1 Nc6 8. e3
Bg4 9. h3 Be6 10. b3 Qc8 11. Kh2 Nb4 12. d4 Bd7 13. a3 Na6 14. d5 Bg7 15. Bd2
e5 16. dxe6 fxe6 17. e4 Bc6 18. Qc2 Nh5 19. Rad1 Qd7 20. Be3 Qe7 21. Bg5 Bf6
22. Bxf6 Nxf6 23. e5 Bxf3 24. Bxf3 dxe5 25. Kg2 Qf7 26. Qe2 Ne8 27. Ne4 h6 28.
Nd6 Nxd6 29. Rxd6 Rae8 30. Qe4 b6 31. Red1 Nb8 32. Bg4 Qxf2+ 33. Kh1 Qf6 34.
Re1 h5 35. Bd1 Rd8 36. Rxd8 Rxd8 37. Bc2 Kg7 38. Kg1 Qg5 39. Qxe5+ Qxe5 40.
Rxe5 Rd2 {tictoc resigns} 0-1

[Event "ICS rated blitz match"]
[Site "204.178.125.65"]
[Date "2001.09.23"]
[Round "?"]
[White "Hossa"]
[Black "tictoc"]
[Result "0-1"]
[WhiteElo "2627"]
[BlackElo "2187"]
[PlyCount "150"]
[EventDate "2001.??.??"]

1. e4 c5 2. Nf3 Nc6 3. Bb5 Qc7 4. O-O e6 5. c3 Nf6 6. Re1 a6 7. Bxc6 Qxc6 8. e5
Nd5 9. d4 b5 10. dxc5 Bxc5 11. Nd4 Qb6 12. Qg4 Kf8 13. Rd1 Bb7 14. Bg5 h6 15.
Qh5 Kg8 16. Bc1 Rf8 17. Kh1 f6 18. f3 Kh7 19. exf6 Rxf6 20. a4 b4 21. a5 Qc7
22. Qh4 Rhf8 23. Nb3 Ba7 24. Rd3 Nf4 25. Bxf4 Rxf4 26. Qg3 Be4 27. Rd4 Bxd4 28.
Nxd4 Bd3 29. Qe1 e5 30. Ne2 Bxe2 31. Qxe2 e4 32. g3 Rxf3 33. Nd2 Rf2 34. Qxe4+
Kh8 35. Nc4 bxc3 36. bxc3 Qc5 37. Ne5 Rf1+ 38. Rxf1 Rxf1+ 39. Kg2 Qf2+ 40. Kh3
Qf5+ 41. Qxf5 Rxf5 42. Nxd7 Rxa5 43. c4 Kg8 44. Kg4 Kf7 45. Kf3 Ke7 46. Nb6 Kd6
47. Nd5 Kc5 48. Ke4 Kxc4 49. Ne3+ Kc5 50. Nf5 Ra2 51. h4 a5 52. Nxg7 a4 53. Kd3
Rg2 54. Ne6+ Kb4 55. Nf4 Rxg3+ 56. Kc2 Rf3 57. Ne6 a3 58. Nd4 a2 59. Kb2 Rf2+
60. Ka1 Kc4 61. Nc6 Rh2 62. h5 Kc3 63. Nd4 Rh1+ 64. Kxa2 Kxd4 65. Kb2 Rxh5 66.
Kc2 Rh2+ 67. Kb3 Rd2 68. Kb4 Rb2+ 69. Ka4 Kc5 70. Ka3 Rb7 71. Ka4 h5 72. Ka3
Kc4 73. Ka2 Kc3 74. Ka1 Kc2 75. Ka2 Ra7# {Hossa checkmated} 0-1

[Event "ICS rated blitz match"]
[Site "204.178.125.65"]
[Date "2001.09.23"]
[Round "?"]
[White "tictoc"]
[Black "Hossa"]
[Result "0-1"]
[WhiteElo "2217"]
[BlackElo "2597"]
[PlyCount "114"]
[EventDate "2001.??.??"]

1. c4 e5 2. Nc3 Nc6 3. g3 f5 4. Nf3 e4 5. Nh4 g6 6. d3 exd3 7. Qxd3 Bg7 8. Nd5
Nge7 9. Bg2 O-O 10. O-O Nxd5 11. cxd5 Ne5 12. Qb3 d6 13. Bd2 Re8 14. Rac1 b6
15. Rfe1 Ba6 16. Qa4 Bb7 17. Qc2 Rc8 18. e4 fxe4 19. Bxe4 Qd7 20. Bc3 c6 21.
dxc6 Bxc6 22. Qb3+ d5 23. Rcd1 Rcd8 24. Ng2 Qf7 25. Bxe5 Rxe5 26. Bf3 Rxe1+ 27.
Nxe1 Qf5 28. Kg2 Rd6 29. Nc2 Qd7 30. Qa3 Ba4 31. b3 Bc6 32. Nb4 Ba8 33. Qa6 b5
34. Qa3 g5 35. h3 Rh6 36. g4 Rd6 37. Nd3 h6 38. Qc5 a5 39. Rc1 Bc6 40. Qb6 Kf8
41. Qxa5 Bf6 42. Nc5 Qf7 43. Re1 Kg8 44. Qb6 Kh7 45. Qb8 Rd8 46. Qb6 Rd6 47. a4
Bd8 48. Qa6 bxa4 49. bxa4 Rf6 50. Qe2 Kg8 51. Rb1 Bc7 52. Nd3 Bxa4 53. Rc1 Bb3
54. Rb1 Bc4 55. Qe3 d4 56. Qe4 Rxf3 57. Qxf3 Bd5 {tictoc resigns} 0-1

[Event "ICS rated blitz match"]
[Site "204.178.125.65"]
[Date "2001.09.23"]
[Round "?"]
[White "Hossa"]
[Black "tictoc"]
[Result "1-0"]
[WhiteElo "2600"]
[BlackElo "2214"]
[PlyCount "43"]
[EventDate "2001.??.??"]

1. e4 e6 2. d4 d5 3. Nc3 Be7 4. Bd3 Nf6 5. e5 Nfd7 6. Nf3 c5 7. dxc5 Nc6 8. O-O
Ndxe5 9. Nxe5 Nxe5 10. Be3 Nxd3 11. cxd3 O-O 12. d4 b6 13. b4 a5 14. b5 Bd7 15.
c6 Be8 16. Bf4 g5 17. Bg3 f6 18. Qe2 Bf7 19. c7 Qc8 20. Nxd5 exd5 21. Qxe7 Qf5
22. Rfc1 {tictoc resigns} 1-0

[Event "ICS rated blitz match"]
[Site "204.178.125.65"]
[Date "2001.09.23"]
[Round "?"]
[White "tictoc"]
[Black "Hossa"]
[Result "0-1"]
[WhiteElo "2211"]
[BlackElo "2603"]
[PlyCount "47"]
[EventDate "2001.??.??"]

1. c4 f5 2. Nc3 e5 3. d4 exd4 4. Qxd4 Nc6 5. Qe3+ Nge7 6. Nd5 Kf7 7. Nh3 Nxd5
8. cxd5 Nb4 9. Qb3 Bd6 10. Bf4 Qf6 11. e3 a5 12. Bxd6 Qxd6 13. Bc4 a4 14. Qd1
Qc5 15. Rc1 b5 16. Be2 Qxd5 17. Rxc7 a3 18. bxa3 Rxa3 19. O-O Qxd1 20. Rxd1
Nxa2 21. Bxb5 Nc3 22. Bc4+ Ke7 23. Rd2 Kd8 24. Rc5 {tictoc resigns} 0-1

[Event "ICS rated blitz match"]
[Site "204.178.125.65"]
[Date "2001.09.23"]
[Round "?"]
[White "Hossa"]
[Black "tictoc"]
[Result "1-0"]
[WhiteElo "2606"]
[BlackElo "2208"]
[PlyCount "85"]
[EventDate "2001.??.??"]

1. e4 c5 2. Nf3 Nc6 3. Bb5 Qc7 4. O-O Nf6 5. d3 e6 6. Qe2 a6 7. Bxc6 Qxc6 8. e5
Nd5 9. c4 Nc7 10. d4 b6 11. Rd1 Bb7 12. Bf4 cxd4 13. Rxd4 Bc5 14. Rd6 Bxd6 15.
exd6 Nd5 16. cxd5 Qxd5 17. Nc3 Qf5 18. Be3 b5 19. Rc1 O-O 20. b3 Rac8 21. a3
Bxf3 22. Qxf3 Qxf3 23. gxf3 Rc6 24. b4 Rc4 25. Ne4 Rxc1+ 26. Bxc1 Rc8 27. Nc5
Rc6 28. Bf4 f6 29. Nxd7 e5 30. Bg3 Rxd6 31. Nc5 g5 32. h3 Kf7 33. Kf1 a5 34.
bxa5 Rd1+ 35. Ke2 Ra1 36. a4 Rc1 37. a6 Rxc5 38. a7 bxa4 39. a8=Q Rc7 40. Qxa4
Re7 41. Qe4 Kg7 42. f4 gxf4 43. Bxf4 {tictoc resigns} 1-0

[Event "ICS rated blitz match"]
[Site "204.178.125.65"]
[Date "2001.09.23"]
[Round "?"]
[White "tictoc"]
[Black "Hossa"]
[Result "0-1"]
[WhiteElo "2205"]
[BlackElo "2609"]
[PlyCount "112"]
[EventDate "2001.??.??"]

1. c4 e5 2. g3 Nf6 3. Bg2 Nc6 4. Nc3 g6 5. Nf3 Bg7 6. O-O O-O 7. d3 d6 8. Bg5
h6 9. Bxf6 Bxf6 10. Nd2 Be6 11. Nd5 Bg7 12. b4 Rb8 13. Rb1 Ne7 14. b5 Nxd5 15.
cxd5 Bg4 16. h3 Bd7 17. Qc2 f5 18. Rfc1 Rc8 19. Nc4 f4 20. g4 h5 21. gxh5 Qg5
22. Kh2 Qxh5 23. Rh1 Qh4 24. Kg1 Qe7 25. Be4 Bh6 26. Nd2 Bf5 27. Kf1 Bxe4 28.
dxe4 Qd7 29. Qd3 Rf6 30. Nf3 Rf7 31. Ke1 Rg7 32. Kd2 Ra8 33. h4 a6 34. a4 axb5
35. Qxb5 c6 36. Qb3 c5 37. Rhg1 Rxa4 38. Ra1 Rxa1 39. Rxa1 b5 40. Ra8+ Kh7 41.
Rb8 b4 42. Ng5+ Bxg5 43. hxg5 Rg8 44. Rxg8 Kxg8 45. Qa2 Qb7 46. Qa4 Kf7 47. Kc2
c4 48. Qa5 b3+ 49. Kb2 Ke7 50. Qc3 Qc8 51. Qb4 Qc7 52. Kc3 Ke8 53. f3 Ke7 54.
Qa4 Qb6 55. Qa3 Qd4+ 56. Kb4 b2 {tictoc resigns} 0-1

[Event "ICS rated standard match"]
[Site "204.178.125.65"]
[Date "2001.09.23"]
[Round "?"]
[White "BrazilianMaster"]
[Black "Hossa"]
[Result "1-0"]
[WhiteElo "2668"]
[BlackElo "2364"]
[PlyCount "115"]
[EventDate "2001.??.??"]

1. d4 Nf6 2. c4 e6 3. Nf3 d5 4. Nc3 Be7 5. Bg5 O-O 6. e3 h6 7. Bh4 b6 8. Be2
Bb7 9. Bxf6 Bxf6 10. cxd5 exd5 11. O-O Nd7 12. b4 c6 13. Qc2 g6 14. Bd3 Qe7 15.
Qb3 a6 16. a4 Qd6 17. a5 Rfb8 18. axb6 Nxb6 19. Na4 Nd7 20. Nc5 Nxc5 21. bxc5
Qe7 22. Qc3 Bc8 23. Ra4 Ra7 24. Rfa1 Rba8 25. Qe1 Qe8 26. Nd2 Qd8 27. Nb3 Qc7
28. R1a3 Bd8 29. Na5 Be6 30. Rb3 Bd7 31. Rb6 Qc8 32. Rab4 Bc7 33. Qc3 f5 34.
Rb2 Qe8 35. Qa3 g5 36. Qa1 Qh5 37. h3 g4 38. Nxc6 Bxc6 39. Rxc6 gxh3 40. g3 a5
41. Be2 Qg5 42. Qf1 Bxg3 43. fxg3 Qxe3+ 44. Kh2 Qxd4 45. Rbb6 Qe3 46. Rxh6 f4
47. Qxf4 Qxe2+ 48. Kxh3 Rg7 49. Rb8+ Rxb8 50. Qxb8+ Kf7 51. Qb7+ Kf8 52. Rf6+
Kg8 53. Qc8+ Qe8 54. Qxe8+ Kh7 55. Rb6 Rb7 56. Rxb7+ Kh6 57. Qg8 a4 58. Rh7# {
Hossa checkmated} 1-0

[Event "ICS rated blitz match"]
[Site "204.178.125.65"]
[Date "2001.09.23"]
[Round "?"]
[White "Hossa"]
[Black "Danimir"]
[Result "1-0"]
[WhiteElo "2612"]
[BlackElo "2440"]
[PlyCount "123"]
[EventDate "2001.??.??"]

1. e4 c5 2. Nf3 Nc6 3. Bb5 g6 4. O-O Bg7 5. Re1 Nf6 6. e5 Nd5 7. Nc3 Nc7 8.
Bxc6 dxc6 9. Ne4 Ne6 10. d3 O-O 11. a3 b6 12. b4 cxb4 13. axb4 Nd4 14. Nxd4
Qxd4 15. Bg5 Bxe5 16. Bxe7 Qxa1 17. Qxa1 Bxa1 18. Rxa1 f5 19. Nf6+ Kf7 20. Bxf8
Kxf6 21. Bd6 Bb7 22. Re1 a5 23. bxa5 Rxa5 24. Bc7 Ra2 25. Bd8+ Kf7 26. Re7+ Kf8
27. h3 Ba6 28. Ra7 Bc4 29. Rc7 Bb5 30. c4 Ba4 31. Rxh7 b5 32. Rc7 bxc4 33. dxc4
Re2 34. Bg5 Re4 35. c5 Re6 36. Kh2 Bb3 37. Kg3 Bd5 38. f3 Re2 39. Rb7 Ke8 40.
Ra7 Kf8 41. h4 Ke8 42. Rb7 Kf8 43. Rd7 Ke8 44. Rc7 Kf8 45. Bf4 Kg8 46. Bh6 Kh8
47. Rd7 Kg8 48. Rg7+ Kh8 49. Rxg6 Re6 50. Rxe6 Bxe6 51. Be3 Kh7 52. Kf4 Kg6 53.
g4 fxg4 54. fxg4 Ba2 55. h5+ Kh7 56. g5 Bb3 57. g6+ Kh6 58. Kg4+ Kg7 59. Kg5
Bc2 60. h6+ Kf8 61. Kf6 Bd3 62. h7 {Danimir resigns} 1-0

[Event "ICS rated blitz match"]
[Site "204.178.125.65"]
[Date "2001.09.23"]
[Round "?"]
[White "Hossa"]
[Black "LinuxKnight"]
[Result "0-1"]
[WhiteElo "2629"]
[BlackElo "2753"]
[PlyCount "142"]
[EventDate "2001.??.??"]

1. e4 e6 2. d4 d5 3. Nc3 Nf6 4. e5 Nfd7 5. Nce2 c5 6. f4 cxd4 7. Nxd4 Nc6 8.
Ngf3 Nxd4 9. Nxd4 Bc5 10. c3 O-O 11. Be3 a5 12. Bd3 b6 13. Qh5 g6 14. Qh6 a4
15. Bb5 Qc7 16. O-O Re8 17. Rf3 Bf8 18. Qh4 Be7 19. Qe1 a3 20. b3 Bb7 21. Rh3
Rec8 22. Bd2 Nc5 23. Rd1 Ne4 24. Qf1 Bc5 25. Be1 Bc6 26. Bd3 Qd7 27. Qe2 Bb7
28. b4 Bf8 29. c4 Rd8 30. cxd5 exd5 31. f5 Qe7 32. Bxe4 dxe4 33. fxg6 hxg6 34.
e6 Bg7 35. exf7+ Qxf7 36. Bf2 Rd6 37. Nb3 Ba6 38. Qe1 Rxd1 39. Qxd1 Rf8 40. Qe1
Bc4 41. Nd2 Bd3 42. Nb3 Bc3 43. Qe3 Qxb3 44. axb3 a2 45. Qc1 a1=Q 46. Qxa1 Bxa1
47. g4 b5 48. Bc5 Rf1+ 49. Kg2 Rb1 50. Rh6 Kg7 51. g5 Rxb3 52. Kf2 Bc3 53. Ke3
Bxb4 54. Bxb4 Rxb4 55. h3 Rc4 56. Rh4 b4 57. Rf4 b3 58. Rf2 Bc2 59. Rd2 Rc3+
60. Kd4 Rd3+ 61. Rxd3 exd3 62. Kc3 Kf7 63. h4 Kg7 64. Kd2 b2 65. h5 gxh5 66.
Ke3 b1=Q 67. g6 Qb6+ 68. Kd2 Qd4 69. Ke1 d2+ 70. Kf1 Be4 71. Ke2 d1=Q# {
Hossa checkmated} 0-1

[Event "ICS rated standard match"]
[Site "204.178.125.65"]
[Date "2001.09.23"]
[Round "?"]
[White "Hossa"]
[Black "AvernoX"]
[Result "1/2-1/2"]
[WhiteElo "2359"]
[BlackElo "2265"]
[PlyCount "125"]
[EventDate "2001.??.??"]

1. e4 e5 2. Nf3 Nf6 3. Nxe5 d6 4. Nf3 Nxe4 5. d4 Nf6 6. Bd3 Be7 7. O-O Bg4 8.
Re1 O-O 9. c3 c5 10. dxc5 dxc5 11. h3 Be6 12. Ng5 Bd5 13. c4 Bc6 14. Bf4 g6 15.
Nf3 Nbd7 16. Nc3 Re8 17. Be2 Nh5 18. Bh2 Bf6 19. Qc2 Bg7 20. Nd5 Rc8 21. Rad1
Qa5 22. b3 Nhf6 23. Bf1 Rxe1 24. Nxe1 Re8 25. Nf3 Nb6 26. Bc7 Nfd7 27. a4 Kh8
28. Ng5 Kg8 29. Bf4 Na8 30. Ne4 f5 31. Nd6 Re6 32. Nc8 Bf8 33. Bd2 Qa6 34. Bg5
Kf7 35. Qc3 h6 36. Be7 Bg7 37. Qd2 Kg8 38. Nf4 Re4 39. Bd3 Rd4 40. Ne6 Bxg2 41.
Nxd4 cxd4 42. Bd6 Kh7 43. c5 Qc6 44. Bb5 Qxc8 45. Bxd7 Qxd7 46. Kxg2 Nb6 47.
cxb6 Qxd6 48. bxa7 Qa6 49. Re1 Qxa7 50. Qb4 b6 51. Re6 Qb7+ 52. Kg1 Qf3 53.
Qxb6 Qxh3 54. Rxg6 Be5 55. Rg2 Bh2+ 56. Rxh2 Qg4+ 57. Kh1 Qd1+ 58. Kg2 Qg4+ 59.
Kf1 Qd1+ 60. Kg2 Qg4+ 61. Kf1 Qd1+ 62. Kg2 Qg4+ 63. Kf1 {
Game drawn by repetition} 1/2-1/2

[Event "ICS Rated blitz match"]
[Site "204.178.125.65"]
[Date "2001.09.23"]
[Round "?"]
[White "Hossa"]
[Black "chainsaw"]
[Result "1-0"]
[WhiteElo "2618"]
[BlackElo "2089"]
[PlyCount "73"]
[EventDate "2001.??.??"]

1. e4 e5 2. Bc4 Nc6 3. Nf3 Nf6 4. d3 Bc5 5. O-O d6 6. Be3 Bb6 7. Bxb6 axb6 8.
Ng5 O-O 9. f4 Qe7 10. Nc3 Nd8 11. Qd2 h6 12. Nf3 c6 13. a3 Bg4 14. fxe5 dxe5
15. Qf2 b5 16. Bb3 Be6 17. Bxe6 Qxe6 18. Nh4 Qg4 19. Nf5 Kh7 20. Nxg7 Qxg7 21.
Qxf6 Ne6 22. Qf5+ Qg6 23. Qxe5 Rg8 24. g3 Rad8 25. Rf6 Qg7 26. Qf5+ Kh8 27.
Rxf7 Qd4+ 28. Kh1 Ng5 29. Rf6 Kg7 30. Rg6+ Kh7 31. Rxc6+ Kh8 32. Rxh6+ Kg7 33.
Qxg5+ Kf8 34. Qf5+ Ke8 35. Qe6+ Kf8 36. Rf1+ Kg7 37. Qg6# {chainsaw checkmated}
1-0

[Event "ICS rated blitz match"]
[Site "204.178.125.65"]
[Date "2001.09.23"]
[Round "?"]
[White "chainsaw"]
[Black "Hossa"]
[Result "0-1"]
[WhiteElo "2088"]
[BlackElo "2619"]
[PlyCount "39"]
[EventDate "2001.??.??"]

1. d4 Nf6 2. Nf3 e6 3. Bf4 c5 4. e3 cxd4 5. exd4 Nd5 6. Bd2 Nc6 7. a3 Be7 8. c4
Nc7 9. Nc3 d5 10. c5 f6 11. Bd3 e5 12. Nh4 Be6 13. Nb5 Nxb5 14. Bxb5 exd4 15.
b4 O-O 16. Bd3 Qc7 17. Qh5 Qe5+ 18. Qe2 Qxe2+ 19. Bxe2 a5 20. Kf1 {
chainsaw resigns} 0-1